Más allá del bien y del mal: preludio de una filosofía del futuro
保存先:
| フォーマット: | 図書 |
|---|---|
| 言語: | スペイン語 |
| 出版事項: |
Madrid
Alianza
1995
|
| シリーズ: | Colección Libro de Bolsillo Alianza, Sección Clásicos, 406
|
| 主題: | |
| タグ: |
タグ追加
タグなし, このレコードへの初めてのタグを付けませんか!
|
MARC
| LEADER | 00000nam a2200000 a 4500 | ||
|---|---|---|---|
| 001 | UCT7264 | ||
| 003 | CL-VaPUC | ||
| 008 | 970117e19950000SP |||||||||||||||||spa|d | ||
| 082 | 0 | 4 | |a 193 |b NIE |2 21 |
| 245 | 1 | 0 | |a Más allá del bien y del mal: preludio de una filosofía del futuro |
| 300 | |a 287 p | ||
| 942 | |c BK | ||
| 945 | |d 19970117 00:00:00 |a rbrito | ||
| 260 | |a Madrid |b Alianza |c 1995 | ||
| 650 | 0 | |a Filosofía alemana |9 265002 | |
| 583 | |a last modification |c 19970117 00:00:00 |k Rodrigo Vera | ||
| 490 | 0 | |a Colección Libro de Bolsillo Alianza, Sección Clásicos, 406 | |
| 999 | |c 255909 |d 255907 | ||
| 952 | |0 0 |1 0 |4 0 |6 193_000000000000000_NIE_1995 |7 0 |8 A |9 278393 |a BIBEDU |b BIBEDU |d 2019-11-19 |i 3282856 |o 193 NIE 1995 |p 3282856 |r 2019-11-19 |w 2019-11-19 |y BK |k FIL | ||